| 000 | 00542nam a2200145Ia 4500 | ||
|---|---|---|---|
| 008 | 190813s9999 xx 000 0 und d | ||
| 020 | _a9781138065369 | ||
| 100 | _aArad, Hemda. | ||
| 245 |
_cHemda Arad.-- _aIntergrating relational psychoanalysis and EMDR : _bembodied experience and clinical practice / |
||
| 260 |
_aNew York : _bRoutledge _c2018 |
||
| 300 | _a206 pages. | ||
| 500 | _aIncluded bibliographical references and index. | ||
| 650 | _aEye movement desensitization reprocessing -- methods. | ||
| 650 | _aPsychotheraphy -- methods. | ||
| 999 |
_c362053 _d362053 |
||